Acımak (Record no. 11984)

MARC details
000 -BAŞLIK
Sabit Uzunlukta Kontrol Alanı 00770na a2200241 4500
001 - KONTROL NUMARASI
Denetim Alanı 24155
003 - KONTROL NUMARASI IDENTIFIER
Denetim Alanı MIRAKIL
005 - SON İŞLEM TARİHİ VE ZAMANI
Denetim Alanı 20181226104238.0
008 - SABİT-BOY VERİ ELEMANLARI - GENEL BİLGİLER
Sabit Uzunlukta Kontrol Alanı 180607b tu 000 0
041 ## - DİL KODU
Metin / Ses Parça Veya Ayrı Başlığın Dil Kodu tur
082 ## - DEWEY ONLU SINIFLANDIRMA NUMARASI
Sınıflandırma Numarası 813.41
Ürün Numarası G95a 1965
090 ## - SINIFLAMA NUMARASI
Sınıflama Numarası 813.41 G95y 1966
100 ## - ANA GİRİŞ - KİŞİSEL İSİM
Kişisel Ad Güntekin, Reşat Nuri
245 ## - BAŞLIK TABLOSU
Başlık Acımak
Sorumluluk Tablosu, Vb Reşat Nuri Güntekin
250 ## - EDITION TABLOSU
Baskı Beyanı 5. bs.
260 ## - YAYIN, DAĞITIM, VB
Yayın, Dağıtım, Vb Yeri İstanbul
Yayıncı, Dağıtıcı, Vs Adı İnkılap Kitabevi
-- Aka Kitabevi
Yayın, Dağıtım, Vb Tarihi 1965
Üretici Firma Nurgök Matbaası
300 ## - FİZİKSEL TANIM
Kapsam 127 s.
Boyutlar 19 sm.
440 ## - SERİSİ TABLOSU / KATMA GİRİŞİ - BAŞLIK
Başlık Reşat Nuri Güntekin külliyatından
Hacim / Ardışık Tanımı 4
500 ## - GENEL NOT
Genel Not Reşat Nuri Güntekin'in Yaprak Dökümü, Yeşil Gece ve Acımak yapıtları aynı ciltte yer almaktadır.
650 ## - KONU KATMA GİRİŞ - TOPİKAL DÖNEM
Topikal Süreli Veya Coğrafi Ad Giriş Elemanı Türk Edebiyatı
Genel Alt Bölümü Roman
942 ## - EKLENDİ GİRİŞ ELEMANLARI (KOHA)
Sınıflandırma Veya Raf Düzeni Kaynak Dewey Decimal Classification
Koha Öğesi Türü Books
040 ## - KATALOGLAMA KAYNAK
Orijinal Kataloglama Ajansı Milas
Kataloglama Dili tur
Metne Dönüştürmek Ajansı TR-AnCHP
999 ## - SİSTEM KONTROL NUMARALARI (KOHA)
Koha Biblionumber 11984
Koha Biblioitemnumber 11984
Holdings
Kullanım Kısıtlamaları Kalıcı Konum Mevcut Konum Edinme Tarihi Toplam Check-Out'Lar Tam Çağrı Numarası Barkod Tarih Son Görülme İtibaren Geçerli Fiyatlar Sigara Kamu Notu Koha Öğesi Türü
  Parti Okulu Kütüphanesi Parti Okulu Kütüphanesi 06/07/2018   813.41 G95y 1966 P00029 06/07/2018 06/07/2018 Books